00478nam a22001697a 450000500170000001000150001702000270003203500150005903700130007408200160008710000190010324500660012226000250018827000440021330000210025770000300027820240301154438.0 aENG-139100 a9788189323004c2000.00 aEN- 122632 bDBAD/PUB a741.6740954 aRay, Satyajit  aThe vision of ray:bcine posters and beyond/cBy Satyajit Ray aKolkata bPratikshan a12B Beliaghata Road, bKolkata e700015 a328p.c28 cm(Hb) aSatyajit Ray & Sandip Ray